000 00434nam a2200193Ia 4500
005 20240823040436.0
008 240823s9999||||xx |||||||||||||| ||und||
020 _a978-81-260-3152-8
041 _aTAMIL
082 _A891.443 Q1
100 _aPrafulla Roy
245 0 _aPuratchikaalam
250 _a1st
260 _c2011
_bSahitya Ac
500 _aYES
650 _aPuratchikaalam
_bGeneral
942 _cBK
999 _c203115
_d203115